[Event "Mittelfranken-chTB2a 1617"]
[Site "Mittelfranken"]
[Date "2017.03.05"]
[Round "7.3"]
[White "Pikal, Alexander"]
[Black "Birkmann, Guenther"]
[Result "1-0"]
[WhiteElo "1918"]
[BlackElo "1919"]
[PlyCount "125"]
[EventDate "2016.10.23"]
[EventType "team-tourn"]
[EventRounds "9"]
[EventCountry "GER"]
[SourceTitle "EXT 2022"]
[Source "ChessBase"]
[SourceDate "2021.10.06"]
[SourceVersion "1"]
[SourceVersionDate "2021.10.06"]
[SourceQuality "1"]
[WhiteTeam "Bad Windsheim/Ansbach"]
[BlackTeam "Zirndorf II"]
[WhiteTeamCountry "GER"]
[BlackTeamCountry "GER"]

1. f4 g6 2. Nf3 Bg7 3. d4 d6 4. c3 Nd7 5. e4 Ngf6 6. e5 Nd5 7. Bd3 e6 8. exd6 cxd6 9. 0-0 0-0 10. Qe2 b6 11. Na3 Bb7 12. Nc4 N7f6 13. a4 a6 14. Bd2 Qc7 15. Ng5 Rfe8 16. Ne4 Nxe4 17. Bxe4 Nxc3 18. bxc3 Bxe4 19. Nxd6 Qxd6 20. Qxe4 Rab8 21. Rfb1 e5 22. fxe5 Bxe5 23. Qh4 Bf6 24. Qf2 Rb7 25. Rf1 Bg7 26. Bg5 Qc6 27. Qf3 Rc7 28. Bd2 Qc4 29. Rfe1 Rxe1+ 30. Rxe1 h5 31. Qa8+ Kh7 32. Qd8 Qc6 33. Qe8 Qxe8 34. Rxe8 Rc4 35. Kf1 Rxa4 36. d5 Bf6 37. d6 Ra5 38. c4 Rf5+ 39. Ke2 Re5+ 40. Rxe5 Bxe5 41. d7 Bf6 42. c5 bxc5 43. Ba5 g5 44. d8Q Bxd8 45. Bxd8 Kg6 46. Kd3 Kf5 47. Bb6 c4+ 48. Kxc4 Ke4 49. Kc3 f5 50. Kd2 f4 51. Ke2 g4 52. Bd8 Kd4 53. Bc7 Ke4 54. Bb6 Ke5 55. Kd3 Kf5 56. Bc7 h4 57. Kd4 h3 58. gxh3 g3 59. hxg3 fxg3 60. Bxg3 a5 61. Kc4 Ke4 62. h4 Kf5 63. Kb5 1-0

[Event "Mittelfranken-chTB2a 1617"]
[Site "Mittelfranken"]
[Date "2016.11.13"]
[Round "2.3"]
[White "Birkmann, Guenther"]
[Black "Muenster, Manfred"]
[Result "1/2-1/2"]
[WhiteElo "1919"]
[BlackElo "1895"]
[PlyCount "43"]
[EventDate "2016.10.23"]
[EventType "team-tourn"]
[EventRounds "9"]
[EventCountry "GER"]
[SourceTitle "EXT 2022"]
[Source "ChessBase"]
[SourceDate "2021.10.06"]
[SourceVersion "1"]
[SourceVersionDate "2021.10.06"]
[SourceQuality "1"]
[WhiteTeam "Zirndorf II"]
[BlackTeam "Heilsbronn"]
[WhiteTeamCountry "GER"]
[BlackTeamCountry "GER"]

1. Nf3 g6 2. d4 Bg7 3. c4 d6 4. g3 Nc6 5. d5 Nb8 6. Bg2 e5 7. Nc3 f5 8. 0-0 h6 9. e4 Nf6 10. Ne1 0-0 11. f3 Rf7 12. Nd3 Nbd7 13. Be3 Nf8 14. Qd2 Kh7 15. b4 Qe7 16. Kh1 g5 17. exf5 Bxf5 18. Rae1 Ng6 19. Nf2 a6 20. Nfe4 Kg8 21. c5 Re8 22. Nxf6+ 1/2-1/2

[Event "Mittelfranken-ch QT"]
[Site "Nuremberg"]
[Date "2016.03.23"]
[Round "1"]
[White "Birkmann, Guenther"]
[Black "Mueller, Ludwig"]
[Result "1-0"]
[WhiteElo "2010"]
[BlackElo "1843"]
[PlyCount "97"]
[EventDate "2016.03.23"]
[EventType "swiss"]
[EventRounds "7"]
[EventCountry "GER"]
[SourceTitle "EXT 2018"]
[Source "ChessBase"]
[SourceDate "2017.10.13"]
[SourceVersion "1"]
[SourceVersionDate "2017.10.13"]
[SourceQuality "1"]

1. Nf3 Nf6 2. c4 c5 3. Nc3 Nc6 4. d4 cxd4 5. Nxd4 e6 6. g3 Bb4 7. Bg2 0-0 8. 0-0 Bxc3 9. bxc3 a6 10. Ba3 Re8 11. c5 Qc7 12. Qa4 Rb8 13. Rab1 Qa5 14. Bxc6 Qxa4 15. Bxa4 Nd5 16. Rfc1 b5 17. cxb6 Rxb6 18. Rxb6 Nxb6 19. Bb3 d5 20. c4 dxc4 21. Bxc4 Nxc4 22. Rxc4 Bb7 23. Rc7 Bd5 24. Nb3 h6 25. f3 Rb8 26. Rc3 a5 27. e4 Bxb3 28. Rxb3 Rc8 29. Kf2 Rc2+ 30. Ke3 Rxa2 31. h4 a4 32. Rc3 Ra1 33. Bd6 f6 34. Ra3 Rxa3+ 35. Bxa3 Kf7 36. h5 e5 37. Kd3 g6 38. hxg6+ Kxg6 39. Kc4 f5 40. Kd5 Kf6 41. Bb2 fxe4 42. Kxe4 h5 43. Bxe5+ Kg5 44. Bd6 h4 45. gxh4+ Kxh4 46. Kf5 Kh5 47. Kf6 Kh4 48. f4 Kg4 49. f5 1-0

[Event "Pyramiden Franken Cup"]
[Site "Fuerth"]
[Date "2015.09.04"]
[Round "2"]
[White "Birkmann, Guenther"]
[Black "Naumann, Thomas"]
[Result "1/2-1/2"]
[WhiteElo "2054"]
[BlackElo "1760"]
[PlyCount "102"]
[EventDate "2015.09.03"]
[EventType "swiss"]
[EventRounds "7"]
[EventCountry "GER"]
[SourceTitle "EXT 2016"]
[Source "ChessBase"]
[SourceDate "2015.10.08"]
[SourceVersion "1"]
[SourceVersionDate "2015.10.08"]
[SourceQuality "1"]

1. Nf3 d6 2. d4 Nf6 3. c4 g6 4. Nc3 Bg7 5. g3 0-0 6. Bg2 c6 7. 0-0 Na6 8. b3 e5 9. e3 e4 10. Ne1 d5 11. f3 Re8 12. fxe4 dxe4 13. Nc2 Bf5 14. Ba3 Qd7 15. b4 Nc7 16. Qe2 Qe6 17. Rab1 Bg4 18. Qd2 Qxc4 19. Rxf6 Bxf6 20. Nxe4 Qe6 21. Nxf6+ Qxf6 22. Qd3 Rad8 23. e4 h5 24. Bb2 Qg5 25. a4 Kh7 26. Rf1 Rd7 27. Ne3 Rf8 28. Qc3 Ne8 29. h4 Qe7 30. Rf4 Be6 31. Kh2 f5 32. d5 cxd5 33. exd5 Bf7 34. b5 Rg8 35. Qd3 Nd6 36. Ba3 Qe5 37. Bc5 b6 38. Bd4 Qe7 39. Nc2 Ne8 40. Bb2 Nf6 41. Ne3 Ng4+ 42. Nxg4 hxg4 43. Ba3 Qf6 44. d6 Rgd8 45. Rd4 Be6 46. Bc6 Rf7 47. Qe3 Bd7 48. Qf4 Re8 49. Rd2 Qe5 50. Bb2 Qxf4 51. gxf4 Re3 1/2-1/2

[Event "Landesliga Nord 1213"]
[Site "Bayern"]
[Date "2012.11.25"]
[Round "3.7"]
[White "Birkmann, Guenther"]
[Black "Bizzell, Brandon"]
[Result "1-0"]
[WhiteElo "1917"]
[BlackElo "1967"]
[PlyCount "57"]
[EventDate "2012.10.14"]
[EventType "team-tourn"]
[EventRounds "9"]
[EventCountry "GER"]
[SourceTitle "EXT 2015"]
[Source "ChessBase"]
[SourceDate "2014.11.20"]
[SourceVersion "1"]
[SourceVersionDate "2014.11.20"]
[SourceQuality "1"]
[WhiteTeam "Zirndorf"]
[BlackTeam "Bamberg"]
[WhiteTeamCountry "GER"]
[BlackTeamCountry "GER"]

1. Nf3 f5 2. d4 Nf6 3. g3 g6 4. Bg2 Bg7 5. 0-0 0-0 6. c4 d6 7. Nc3 Qe8 8. d5 a5 9. Be3 h6 10. Bd4 Na6 11. Ne1 e5 12. dxe6 Qxe6 13. Nd5 Ne4 14. Bxg7 Kxg7 15. Qd4+ Kh7 16. Nd3 g5 17. g4 Nec5 18. gxf5 Rxf5 19. Nxc5 dxc5 20. Qd3 Kg7 21. e4 Re5 22. f4 gxf4 23. Rxf4 Nb4 24. Qc3 Qd6 25. Raf1 Be6 26. Rf6 Re8 27. Qg3+ Rg5 28. Qxd6 cxd6 29. Nc7 1-0

[Event "Landesliga Nord 1213"]
[Site "Bayern"]
[Date "2012.11.11"]
[Round "2.6"]
[White "Birkmann, Guenther"]
[Black "Bunk, Karsten"]
[Result "1-0"]
[WhiteElo "1917"]
[BlackElo "2028"]
[PlyCount "81"]
[EventDate "2012.10.14"]
[EventType "team-tourn"]
[EventRounds "9"]
[EventCountry "GER"]
[SourceTitle "EXT 2015"]
[Source "ChessBase"]
[SourceDate "2014.11.20"]
[SourceVersion "1"]
[SourceVersionDate "2014.11.20"]
[SourceQuality "1"]
[WhiteTeam "Zirndorf"]
[BlackTeam "Nuernberg Sued SW"]
[WhiteTeamCountry "GER"]
[BlackTeamCountry "GER"]

1. Nf3 g6 2. c4 Nf6 3. Nc3 d5 4. Qa4+ c6 5. cxd5 Nxd5 6. d4 Bg7 7. Bg5 Nb6 8. Qc2 Bg4 9. e3 N8d7 10. Be2 f6 11. Bh4 Be6 12. e4 Bf7 13. 0-0 0-0 14. Rfd1 Rc8 15. b4 Qe8 16. a4 Nc4 17. a5 Nd6 18. Bg3 Bc4 19. Bxc4+ Nxc4 20. Na4 Qf7 21. Nc5 Nxc5 22. bxc5 b5 23. axb6 axb6 24. cxb6 Nxb6 25. Rdb1 Nc4 26. Rb7 Ra8 27. Rba7 Rxa7 28. Rxa7 Rc8 29. h3 Qe6 30. Qa2 Kf7 31. Ra4 Nd6 32. d5 cxd5 33. exd5 Rc1+ 34. Kh2 Qd7 35. Qa3 Rc7 36. Nd4 Rb7 37. Ne6 g5 38. Nc5 Nb5 39. Qd3 Qc8 40. Nxb7 Qxb7 41. Rb4 1-0

[Event "Landesliga Nord 1112"]
[Site "Bayern"]
[Date "2011.11.20"]
[Round "3.8"]
[White "Birkmann, Guenther"]
[Black "Bunk, Karsten"]
[Result "0-1"]
[WhiteElo "1960"]
[BlackElo "2023"]
[PlyCount "94"]
[EventDate "2011.10.02"]
[EventType "team-tourn"]
[EventRounds "9"]
[EventCountry "GER"]
[SourceTitle "EXT 2013"]
[Source "ChessBase"]
[SourceDate "2012.11.22"]
[SourceVersion "1"]
[SourceVersionDate "2012.11.22"]
[SourceQuality "1"]
[WhiteTeam "Zirndorf"]
[BlackTeam "Nuernberg Sued SW"]
[WhiteTeamCountry "GER"]
[BlackTeamCountry "GER"]

1. Nf3 c5 2. c4 b6 3. g3 Bb7 4. Bg2 Nf6 5. Nc3 g6 6. 0-0 Bg7 7. Re1 d5 8. cxd5 Nxd5 9. e4 Nxc3 10. bxc3 Nc6 11. e5 Qd7 12. e6 fxe6 13. Ng5 Bf6 14. Nxe6 Ne5 15. Bxb7 Qxb7 16. Rxe5 Bxe5 17. d4 cxd4 18. cxd4 Qd5 19. Qg4 Bd6 20. Bh6 Rg8 21. Rc1 Rb8 22. Rc7 Qf5 23. Qxf5 gxf5 24. Rxa7 Kf7 25. d5 Rg4 26. Bf4 Bxf4 27. Nxf4 Rd8 28. Rb7 Rd6 29. Kf1 Rg8 30. Ra7 Rc8 31. Ke2 Rc5 32. Kd3 Ra5 33. Rxa5 bxa5 34. Kd4 Rb6 35. Nd3 Rb1 36. Kc4 e5 37. dxe6+ Kxe6 38. h3 Kd6 39. Kc3 Kd5 40. Nf4+ Ke4 41. Kc2 Ra1 42. Kb3 Rf1 43. Ne6 Rxf2 44. Ng5+ Ke5 45. Nxh7 Rf3+ 46. Ka4 Rxg3 47. h4 f4 0-1

[Event "Mittelfranken-chTB2a 1011"]
[Site "Germany"]
[Date "2011.03.13"]
[Round "7.2"]
[White "Brumm, Carsten"]
[Black "Birkmann, Guenther"]
[Result "1-0"]
[WhiteElo "2117"]
[BlackElo "1940"]
[PlyCount "63"]
[EventDate "2010.09.26"]
[EventType "team-tourn"]
[EventRounds "9"]
[EventCountry "GER"]
[SourceTitle "EXT 2012"]
[Source "ChessBase"]
[SourceDate "2011.11.24"]
[SourceVersion "1"]
[SourceVersionDate "2011.11.24"]
[SourceQuality "1"]
[WhiteTeam "Erlangen 44/88 II"]
[BlackTeam "Zirndorf II"]
[WhiteTeamCountry "GER"]
[BlackTeamCountry "GER"]

1. e4 c5 2. Nf3 e6 3. g3 b6 4. Bg2 Bb7 5. d3 d6 6. 0-0 Nd7 7. c4 Ngf6 8. Nc3 a6 9. Ne1 Be7 10. e5 Bxg2 11. exf6 Bxf1 12. fxe7 Qxe7 13. Kxf1 0-0 14. Qh5 f5 15. Bg5 Nf6 16. Bxf6 Rxf6 17. Qf3 Raf8 18. Ng2 g5 19. Re1 Qg7 20. Kg1 h5 21. Qc6 d5 22. Rxe6 dxc4 23. dxc4 Qg6 24. Rxf6 Rxf6 25. Qc8+ Rf8 26. Qd7 f4 27. Qd5+ Kg7 28. Ne4 Kh6 29. h4 f3 30. Qxg5+ Kh7 31. Qxg6+ Kxg6 32. Nf4+ 1-0

[Event "Mittelfranken-chTB2a 0910"]
[Site "Mittelfranken"]
[Date "2009.10.11"]
[Round "1.2"]
[White "Birkmann, Guenther"]
[Black "Beck, Gerhard"]
[Result "1/2-1/2"]
[WhiteElo "1950"]
[BlackElo "1953"]
[PlyCount "156"]
[EventDate "2009.10.11"]
[EventType "team-tourn"]
[EventRounds "9"]
[EventCountry "GER"]
[SourceTitle "EXT 2011"]
[Source "ChessBase"]
[SourceDate "2010.11.26"]
[SourceVersion "1"]
[SourceVersionDate "2010.11.26"]
[SourceQuality "1"]
[WhiteTeam "Zirndorf II"]
[BlackTeam "Fuerth SF II"]
[WhiteTeamCountry "GER"]
[BlackTeamCountry "GER"]

1. Nf3 c5 2. c4 Nf6 3. g3 Nc6 4. d4 cxd4 5. Nxd4 g6 6. Bg2 Bg7 7. 0-0 0-0 8. Nc3 Nxd4 9. Qxd4 d6 10. Qd3 Qc7 11. b3 Bf5 12. Qe3 Rfe8 13. Bb2 a6 14. Qd2 Rab8 15. e4 Bd7 16. Rac1 Rbc8 17. Nd5 Nxd5 18. Bxg7 Kxg7 19. exd5 f6 20. Rfe1 Bf5 21. a4 a5 22. Be4 Bd7 23. Rc3 b6 24. Rce3 Qd8 25. h4 Rc7 26. h5 Bc8 27. Qd3 Qd7 28. hxg6 hxg6 29. Bxg6 Rh8 30. g4 Qxg4+ 31. Rg3 Qh4 32. Be4+ Kf7 33. Bg2 Bg4 34. Qe3 Rb7 35. Qf4 Bc8 36. Qxh4 Rxh4 37. Ree3 Rb8 38. Kf1 Bd7 39. Bh3 f5 40. Rgf3 Kf6 41. Ke2 Rg8 42. Kd2 Rg1 43. Re1 Rd4+ 44. Ke2 Re4+ 45. Re3 Rxe3+ 46. fxe3 Rxe1+ 47. Kxe1 Ke5 48. Ke2 Be8 49. Bg2 Bd7 50. Kd3 Bc8 51. Bf1 Bb7 52. Bh3 e6 53. dxe6 Kxe6 54. Kd4 Be4 55. Bf1 Kf6 56. Be2 Kg5 57. Kc3 Bc6 58. Kd4 Kh4 59. Bd3 Kg4 60. Be2+ Bf3 61. Bd3 Bg2 62. Bc2 Bf3 63. Kc3 Be4 64. Bd1+ Kg3 65. Kd2 Kf2 66. Bh5 Bb1 67. Bd1 Be4 68. Bh5 d5 69. Be2 Kg3 70. Kc3 Kf2 71. Kd2 dxc4 72. Bxc4 Kf3 73. Bg8 Bc6 74. Bf7 Kf2 75. Kd3 Be4+ 76. Kd4 Ke2 77. Bg8 Kd2 78. Be6 Bc2 1/2-1/2

[Event "Mittelfranken-chTB1 0809"]
[Site "Mittelfranken"]
[Date "2009.01.11"]
[Round "4.3"]
[White "Birkmann, Guenther"]
[Black "Konsek, Peter"]
[Result "0-1"]
[WhiteElo "1964"]
[BlackElo "1993"]
[PlyCount "80"]
[EventDate "2008.10.12"]
[EventType "team"]
[EventRounds "9"]
[EventCountry "GER"]
[SourceTitle "EXT 2011"]
[Source "ChessBase"]
[SourceDate "2010.11.26"]
[SourceVersion "1"]
[SourceVersionDate "2010.11.26"]
[SourceQuality "1"]
[WhiteTeam "Zirndorf II"]
[BlackTeam "Nuernberg Sued SW II"]
[WhiteTeamCountry "GER"]
[BlackTeamCountry "GER"]

1. Nf3 b6 2. e4 Bb7 3. Nc3 e6 4. d4 Bb4 5. Bd3 Nf6 6. Qe2 d5 7. exd5 Nxd5 8. Bd2 Bxc3 9. bxc3 Qd6 10. Ne5 Nf6 11. 0-0 h6 12. f4 0-0 13. f5 c5 14. fxe6 Qxe6 15. Bc4 Bd5 16. Bxd5 Nxd5 17. Qf3 Nc6 18. Rae1 cxd4 19. Ng4 Ne3 20. Bxe3 dxe3 21. Rxe3 Qg6 22. Qe2 Rad8 23. h3 Rd5 24. Rd3 Ra5 25. Rfd1 Qf5 26. Kh1 h5 27. Ne3 Qe4 28. Qf2 Re8 29. Nd5 Re6 30. Re3 Rxd5 31. Rxe4 Rxd1+ 32. Kh2 Rxe4 33. Qf3 Rde1 34. Qf5 Re6 35. Qxh5 R1e2 36. Qf5 Ne7 37. Qd3 Ng6 38. h4 Nf4 39. Qd8+ Kh7 40. Kg3 Nxg2 0-1